[Event "Titled Tuesday intern op 09th Jan Early"]
[Site "Chess.com INT"]
[Date "2024.01.09"]
[Round "2"]
[White "Sadhwani, Raunak"]
[Black "Levitan, Tal"]
[Result "1-0"]
[WhiteElo "2654"]
[BlackElo "2272"]
[PlyCount "69"]
[EventDate "2024.01.09"]
[EventType "swiss (blitz)"]
[EventRounds "11"]
[EventCountry "USA"]
[SourceTitle "CB03_2024"]
[SourceDate "2024.01.17"]
[SourceVersion "1"]
[SourceVersionDate "2024.01.17"]
[SourceQuality "1"]

1. e3 e5 2. c4 c6 3. Nf3 e4 4. Nd4 d5 5. Nc3 Nf6 6. d3 Bd6 7. cxd5 cxd5 8. dxe4 dxe4 9. Bb5+ Kf8 10. Be2 a6 11. Qc2 Qe7 12. Nxe4 Nc6 13. Nxf6 Nxd4 14. exd4 Qxf6 15. 0-0 Bf5 16. Qb3 h5 17. Bf3 h4 18. Qxb7 Rb8 19. Qc6 Bg4 20. Be4 h3 21. g3 Rc8 22. Qxa6 g6 23. Bf4 Rd8 24. Bxd6+ Rxd6 25. Qb5 Kg7 26. Qe5 Rxd4 27. Qxf6+ Kxf6 28. Bh1 Rb8 29. b3 Rd2 30. Rfe1 Rc8 31. Be4 Rcd8 32. a4 Rb2 33. a5 Rdd2 34. a6 Rxf2 35. Rf1 1-0

[Event "Titled Tuesday intern op 12th Dec Early"]
[Site "Chess.com INT"]
[Date "2023.12.12"]
[Round "5"]
[White "Gutkin, Ilya"]
[Black "Levitan, Tal"]
[Result "1-0"]
[WhiteElo "2289"]
[BlackElo "2272"]
[PlyCount "65"]
[EventDate "2023.12.12"]
[EventType "swiss (blitz)"]
[EventRounds "11"]
[EventCountry "USA"]
[SourceTitle "CB51_2023"]
[SourceDate "2023.12.20"]
[SourceVersion "1"]
[SourceVersionDate "2023.12.20"]
[SourceQuality "1"]

1. e4 e5 2. Nf3 Nc6 3. Bb5 a6 4. Ba4 Nf6 5. 0-0 Nxe4 6. Re1 Nc5 7. Bxc6 dxc6 8. Nxe5 Be7 9. d4 Ne6 10. c3 0-0 11. Be3 f6 12. Nf3 f5 13. Ne5 f4 14. Bd2 Ng5 15. Na3 f3 16. Bxg5 Bxg5 17. Nxf3 Bg4 18. Qb3+ Kh8 19. Nxg5 Qxg5 20. Re5 Qd2 21. Rf1 Be2 22. Nb1 Qd3 23. Re1 Rae8 24. Rxe8 Rxe8 25. Qf7 Rg8 26. Qxc7 Bd1 27. Na3 Qd2 28. Qe5 Rf8 29. Qe3 Qxb2 30. Nc4 Qb5 31. Nd6 Qd5 32. Qe7 Rg8 33. Nf7+ 1-0

[Event "Titled Tuesday intern op 12th Dec Early"]
[Site "Chess.com INT"]
[Date "2023.12.12"]
[Round "4"]
[White "Levitan, Tal"]
[Black "De Arruda, Leandro Formes"]
[Result "1-0"]
[WhiteElo "2272"]
[BlackElo "1980"]
[PlyCount "95"]
[EventDate "2023.12.12"]
[EventType "swiss (blitz)"]
[EventRounds "11"]
[EventCountry "USA"]
[SourceTitle "CB51_2023"]
[SourceDate "2023.12.20"]
[SourceVersion "1"]
[SourceVersionDate "2023.12.20"]
[SourceQuality "1"]

1. e4 e6 2. d4 d5 3. exd5 exd5 4. Nf3 Nf6 5. Bd3 Bd6 6. Qe2+ Qe7 7. Qxe7+ Bxe7 8. 0-0 0-0 9. Bf4 c6 10. Re1 Bb4 11. c3 Ba5 12. b4 Bd8 13. a4 Be6 14. a5 a6 15. h3 Nbd7 16. Nbd2 Rc8 17. Nb3 Bc7 18. Bxc7 Rxc7 19. Ne5 Nxe5 20. Rxe5 Nd7 21. Ree1 g6 22. f4 Kg7 23. Kf2 h5 24. Kf3 Bf5 25. Bxf5 gxf5 26. Re7 Kf6 27. Rae1 Rg8 28. Nc5 Rd8 29. g3 Kg6 30. Ne6 Rcc8 31. Nxd8 Rxd8 32. Re8 Rxe8 33. Rxe8 h4 34. Re7 Nf6 35. Rxb7 hxg3 36. Kxg3 Ne4+ 37. Kf3 Nxc3 38. Rb6 Nb5 39. Rxc6+ f6 40. Rxa6 Nxd4+ 41. Kf2 Nc2 42. Rb6 d4 43. Ke2 Ne3 44. a6 Nd5 45. Rb7 Nxf4+ 46. Kd2 Ne6 47. a7 Nd8 48. Rb6 1-0

[Event "Olomouc GM-B 24th"]
[Site "Olomouc"]
[Date "2023.08.18"]
[Round "8"]
[White "Levitan, Tal"]
[Black "Rubes, Jan"]
[Result "0-1"]
[WhiteElo "2321"]
[BlackElo "2402"]
[PlyCount "94"]
[EventDate "2023.08.12"]
[EventType "tourn"]
[EventRounds "9"]
[EventCountry "CZE"]
[EventCategory "6"]
[SourceTitle "CBM 215 Extra"]
[Source "ChessBase"]
[SourceDate "2023.09.30"]
[SourceVersion "1"]
[SourceVersionDate "2023.09.30"]
[SourceQuality "1"]

1. e4 c5 2. c3 Nf6 3. e5 Nd5 4. d4 cxd4 5. cxd4 d6 6. Nf3 Nc6 7. Bc4 Nb6 8. Bb5 Bd7 9. Nc3 dxe5 10. d5 Nb4 11. Nxe5 Bxb5 12. Nxb5 a6 13. Nc3 Qd6 14. Bf4 N4xd5 15. Nxd5 Qxd5 16. Qe2 f6 17. Nf3 e5 18. 0-0 Be7 19. Be3 Nc4 20. Rfd1 Qe6 21. Rac1 b5 22. b3 Nxe3 23. Qxe3 0-0 24. Nd4 Qf7 25. Nc6 Rfc8 26. Rd7 Bc5 27. Qd3 Qe6 28. Nd8 Bxf2+ 29. Kxf2 Qb6+ 30. Ke2 Rxd8 31. Qd5+ Kh8 32. Rc6 Rxd7 33. Qxd7 Qb8 34. Rc7 Qg8 35. Rc6 h6 36. Qb7 Rd8 37. Rxa6 Qe8 38. g4 Qg6 39. Ra8 Qxg4+ 40. Kf2 Qd4+ 41. Kg2 Qd2+ 42. Kg3 Qd3+ 43. Kg2 Rxa8 44. Qxa8+ Kh7 45. a4 Qc2+ 46. Kg1 bxa4 47. bxa4 e4 0-1

[Event "Olomouc GM-B 24th"]
[Site "Olomouc"]
[Date "2023.08.17"]
[Round "7"]
[White "Mirzoev, Azer"]
[Black "Levitan, Tal"]
[Result "1-0"]
[WhiteElo "2417"]
[BlackElo "2321"]
[PlyCount "147"]
[EventDate "2023.08.12"]
[EventType "tourn"]
[EventRounds "9"]
[EventCountry "CZE"]
[EventCategory "6"]
[SourceTitle "CBM 215 Extra"]
[Source "ChessBase"]
[SourceDate "2023.09.30"]
[SourceVersion "1"]
[SourceVersionDate "2023.09.30"]
[SourceQuality "1"]

1. d4 Nf6 2. c4 e6 3. Nc3 Bb4 4. Qb3 c5 5. Nf3 0-0 6. dxc5 Nc6 7. a3 Bxc5 8. Bg5 Be7 9. e3 b6 10. Be2 Ba6 11. Qa4 Qc8 12. 0-0 Rd8 13. Rac1 Bb7 14. Rfd1 d6 15. Nd5 exd5 16. cxd5 Nxd5 17. Rxd5 Qe6 18. Bxe7 Qxd5 19. Bxd8 Rxd8 20. h3 h6 21. Rd1 Qe6 22. Qf4 Ne7 23. Nd4 Qe5 24. Qg4 Qg5 25. Qxg5 hxg5 26. Nb5 Ba6 27. Kf1 Bxb5 28. Bxb5 g6 29. Ke2 Kg7 30. Rc1 Rc8 31. Rxc8 Nxc8 32. Kd3 Ne7 33. Kd4 f6 34. Bd7 Kf7 35. Kc4 a6 36. Bg4 Ke8 37. Be6 Kd8 38. f4 b5+ 39. Kd4 Kc7 40. Ke4 gxf4 41. exf4 f5+ 42. Kd4 Nc6+ 43. Kd3 Ne7 44. Bf7 Kd7 45. g4 fxg4 46. hxg4 a5 47. Ke4 Kc6 48. Be8+ Kc5 49. Bf7 a4 50. Be6 Nc6 51. Kd3 d5 52. g5 Na5 53. Bf7 Nc4 54. Kc2 Ne3+ 55. Kc1 Ng2 56. f5 Nh4 57. fxg6 Nf5 58. Be6 Ng7 59. Bd7 Kc4 60. Bg4 d4 61. Bd7 Nh5 62. Be6+ Kd3 63. Kd1 Ng7 64. Bd7 Kc4 65. Kc2 Nh5 66. Be6+ Kc5 67. Bg4 Ng7 68. Kd3 Kd5 69. Bf3+ Kc5 70. Ke4 Kc4 71. Be2+ Kb3 72. Bxb5 Kxb2 73. Bxa4 Kxa3 74. Bd7 1-0

[Event "Titled Tuesday intern op 30th May Early"]
[Site "Chess.com INT"]
[Date "2023.05.30"]
[Round "4"]
[White "Levitan, Tal"]
[Black "Novikova, Galina"]
[Result "0-1"]
[WhiteElo "2328"]
[BlackElo "2073"]
[PlyCount "71"]
[EventDate "2023.05.30"]
[EventType "swiss (blitz)"]
[EventRounds "11"]
[EventCountry "USA"]
[SourceTitle "CBM 214 Extra"]
[Source "ChessBase"]
[SourceDate "2023.07.31"]
[SourceVersion "1"]
[SourceVersionDate "2023.07.31"]
[SourceQuality "1"]

1. d4 e6 2. Nf3 f5 3. Nc3 Nf6 4. g3 Be7 5. Bg2 d6 6. 0-0 0-0 7. Re1 Ne4 8. Nd2 Nxc3 9. bxc3 Nd7 10. e4 e5 11. exf5 Rxf5 12. Be4 Rf8 13. Nc4 Nf6 14. Bg2 e4 15. d5 Bf5 16. Bg5 h6 17. Bf4 Qd7 18. Ne3 Bh3 19. Nf1 Bxg2 20. Kxg2 Rae8 21. Qd4 Qg4 22. Ne3 Qg6 23. Nf1 Bd8 24. Nd2 Nh5 25. Be3 Bf6 26. Qc4 Re7 27. Bd4 Bxd4 28. Qxd4 Ref7 29. Nxe4 Nf4+ 30. Kf1 Nh3 31. f4 Nxf4 32. gxf4 Rxf4+ 33. Ke2 Rxe4+ 34. Kd2 Rxd4+ 35. cxd4 Rf2+ 36. Kc3 0-1

[Event "Titled Tuesday intern op 30th May Early"]
[Site "Chess.com INT"]
[Date "2023.05.30"]
[Round "5"]
[White "Manon Og, Ramon Jr"]
[Black "Levitan, Tal"]
[Result "1-0"]
[WhiteElo "1999"]
[BlackElo "2328"]
[PlyCount "107"]
[EventDate "2023.05.30"]
[EventType "swiss (blitz)"]
[EventRounds "11"]
[EventCountry "USA"]
[SourceTitle "CBM 214 Extra"]
[Source "ChessBase"]
[SourceDate "2023.07.31"]
[SourceVersion "1"]
[SourceVersionDate "2023.07.31"]
[SourceQuality "1"]

1. e4 e5 2. Nf3 Nc6 3. Bc4 Bc5 4. c3 Nf6 5. d4 exd4 6. e5 d5 7. Bb5 Ne4 8. cxd4 Bb6 9. Be3 0-0 10. Nc3 Bg4 11. h3 Bh5 12. Qc2 Bg6 13. Qb3 Nxc3 14. bxc3 Na5 15. Qd1 f6 16. 0-0 c6 17. Be2 Bc7 18. Qa4 b5 19. Qd1 Kh8 20. Nh4 fxe5 21. Nxg6+ hxg6 22. dxe5 Bxe5 23. Bd3 Qh4 24. Bxg6 Nc4 25. Bc5 Qf4 26. Qh5+ Qh6 27. Bxf8 Qxh5 28. Bxg7+ Kxg7 29. Bxh5 Bxc3 30. Rac1 Bf6 31. f4 d4 32. g4 d3 33. g5 Bd4+ 34. Kg2 Ne3+ 35. Kf3 Nxf1 36. Rxf1 c5 37. Ke4 Re8+ 38. Kxd3 Re3+ 39. Kd2 Rxh3 40. Bg4 Rh2+ 41. Kd3 Rxa2 42. f5 Rg2 43. f6+ Kf8 44. Rf4 Be5 45. Re4 c4+ 46. Ke3 c3 47. Rxe5 Rxg4 48. Kf3 c2 49. Re1 Rc4 50. Rc1 Kf7 51. Ke3 b4 52. Kd3 Rc3+ 53. Kd2 a5 54. Rf1 1-0

[Event "Titled Tuesday intern op 23rd May Late"]
[Site "Chess.com INT"]
[Date "2023.05.23"]
[Round "9"]
[White "Chor, Kevin"]
[Black "Levitan, Tal"]
[Result "0-1"]
[WhiteElo "1944"]
[BlackElo "2328"]
[PlyCount "84"]
[EventDate "2023.05.23"]
[EventType "swiss (blitz)"]
[EventRounds "11"]
[EventCountry "USA"]
[SourceTitle "EXT 2024"]
[Source "ChessBase"]
[SourceDate "2023.10.10"]
[SourceVersion "1"]
[SourceVersionDate "2023.10.10"]
[SourceQuality "1"]

1. e4 e5 2. Nf3 Nc6 3. Bb5 a6 4. Ba4 Nf6 5. 0-0 Nxe4 6. d4 b5 7. Bb3 d5 8. dxe5 Be6 9. Nbd2 Bc5 10. Qe2 Nxd2 11. Bxd2 0-0 12. c3 Bg4 13. Bf4 d4 14. Qe4 Qe8 15. Bd5 Bd7 16. cxd4 Bb6 17. Rac1 Nb4 18. Bxa8 Qxa8 19. Qxa8 Rxa8 20. e6 Bxe6 21. Bxc7 Bxc7 22. Rxc7 Rd8 23. a3 Nd5 24. Ra7 b4 25. Rxa6 bxa3 26. bxa3 h6 27. h3 Rb8 28. Re1 Rb2 29. a4 Ra2 30. a5 Kh7 31. Ra7 Nf4 32. a6 Bd5 33. Nh4 g5 34. Nf3 Kg7 35. Ne5 Nxg2 36. Rc1 Nf4 37. Rcc7 Ra1+ 38. Kh2 Rh1+ 39. Kg3 Rg1+ 40. Kh2 Rg2+ 41. Kh1 Rxf2+ 42. Kg1 Nxh3# 0-1

[Event "Titled Tuesday intern op 23rd May Late"]
[Site "Chess.com INT"]
[Date "2023.05.23"]
[Round "10"]
[White "Levitan, Tal"]
[Black "Domingo Nunez, Ruben"]
[Result "1-0"]
[WhiteElo "2328"]
[BlackElo "2416"]
[PlyCount "67"]
[EventDate "2023.05.23"]
[EventType "swiss (blitz)"]
[EventRounds "11"]
[EventCountry "USA"]
[SourceTitle "EXT 2024"]
[Source "ChessBase"]
[SourceDate "2023.10.10"]
[SourceVersion "1"]
[SourceVersionDate "2023.10.10"]
[SourceQuality "1"]

1. d4 g6 2. e4 Bg7 3. Nf3 c6 4. c4 d5 5. exd5 cxd5 6. Nc3 Nf6 7. Qb3 0-0 8. cxd5 Nbd7 9. Be2 Nb6 10. 0-0 Nbxd5 11. Re1 b6 12. Ne5 Bb7 13. Bf3 e6 14. Bg5 Qb8 15. Nxd5 Nxd5 16. Nd7 Qd6 17. Nxf8 Rxf8 18. Red1 h6 19. Bh4 Qd7 20. Bg3 Bc6 21. a4 h5 22. h3 Bf6 23. a5 h4 24. Be5 Bg5 25. axb6 axb6 26. Bxd5 Bxd5 27. Qxb6 Rc8 28. Ra7 Qe8 29. Rc7 Rb8 30. Qd6 Rxb2 31. Qd7 Qxd7 32. Rxd7 Rd2 33. Rxd2 Bxd2 34. Rd8+ 1-0

[Event "Titled Tuesday intern op 23rd May Late"]
[Site "Chess.com INT"]
[Date "2023.05.23"]
[Round "5"]
[White "Levitan, Tal"]
[Black "Druzhinina, Olga"]
[Result "1-0"]
[WhiteElo "2328"]
[BlackElo "2245"]
[PlyCount "83"]
[EventDate "2023.05.23"]
[EventType "swiss (blitz)"]
[EventRounds "11"]
[EventCountry "USA"]
[SourceTitle "EXT 2024"]
[Source "ChessBase"]
[SourceDate "2023.10.10"]
[SourceVersion "1"]
[SourceVersionDate "2023.10.10"]
[SourceQuality "1"]

1. d4 Nf6 2. Nf3 g6 3. Nc3 d5 4. Bf4 Bg7 5. Nb5 Na6 6. e3 c6 7. Nc3 Nc7 8. h3 0-0 9. Be2 b6 10. 0-0 c5 11. Ne5 Bb7 12. a4 Nd7 13. Nxd7 Qxd7 14. dxc5 bxc5 15. Bxc7 Qxc7 16. Nxd5 Qe5 17. c4 e6 18. Nc3 Rfd8 19. Qc2 Rab8 20. Rfd1 Qg5 21. Bf1 Bc6 22. Rxd8+ Rxd8 23. Rd1 Rb8 24. Rd6 Ba8 25. Nb5 Qe5 26. Qd2 Bf6 27. b3 Kg7 28. Rd7 a6 29. Nd6 Rf8 30. Qd1 Bc6 31. Rc7 Ba8 32. Ra7 a5 33. Nxf7 Rxf7 34. Rxa8 Rb7 35. g3 Rxb3 36. Ra7+ Kh6 37. Qd7 Bg7 38. Rxa5 Rb1 39. Qd8 Bf6 40. Qf8+ Bg7 41. Qxc5 Qf6 42. Qd6 1-0

[Event "Titled Tuesday intern op 23rd May Late"]
[Site "Chess.com INT"]
[Date "2023.05.23"]
[Round "3"]
[White "Papasimakopoulos, Alexandros"]
[Black "Levitan, Tal"]
[Result "1-0"]
[WhiteElo "2401"]
[BlackElo "2328"]
[PlyCount "87"]
[EventDate "2023.05.23"]
[EventType "swiss (blitz)"]
[EventRounds "11"]
[EventCountry "USA"]
[SourceTitle "EXT 2024"]
[Source "ChessBase"]
[SourceDate "2023.10.10"]
[SourceVersion "1"]
[SourceVersionDate "2023.10.10"]
[SourceQuality "1"]

1. d4 Nf6 2. c4 e6 3. Nc3 d5 4. cxd5 exd5 5. Bg5 Be7 6. e3 0-0 7. Bd3 c5 8. Nf3 Nc6 9. 0-0 h6 10. Bh4 cxd4 11. Nxd4 Ne4 12. Bxe7 Nxc3 13. Bxd8 Nxd1 14. Rfxd1 Rxd8 15. Bb5 Nxd4 16. Rxd4 Be6 17. Rad1 Rdc8 18. Ba4 Rc5 19. Bb3 Rac8 20. h3 Rc1 21. Kf1 Rxd1+ 22. Rxd1 Rc5 23. Ke2 Kf8 24. Kd2 Ke7 25. f4 f6 26. g4 g5 27. Kd3 Bf7 28. Kd4 b6 29. Re1 Bg6 30. Bxd5 Rc2 31. f5 Bf7 32. Bxf7 Kxf7 33. Rb1 Ke7 34. a4 Rd2+ 35. Ke4 Rh2 36. Rc1 Rxh3 37. Rc7+ Kd6 38. Rf7 Rg3 39. Rxf6+ Ke7 40. Rxh6 Rxg4+ 41. Ke5 Rxa4 42. Rh7+ Kd8 43. f6 Ra1 44. Rh8+ 1-0

[Event "Titled Tuesday intern op 23rd May Late"]
[Site "Chess.com INT"]
[Date "2023.05.23"]
[Round "6"]
[White "Spitzl, Vinzent"]
[Black "Levitan, Tal"]
[Result "0-1"]
[WhiteElo "2365"]
[BlackElo "2328"]
[PlyCount "66"]
[EventDate "2023.05.23"]
[EventType "swiss (blitz)"]
[EventRounds "11"]
[EventCountry "USA"]
[SourceTitle "EXT 2024"]
[Source "ChessBase"]
[SourceDate "2023.10.10"]
[SourceVersion "1"]
[SourceVersionDate "2023.10.10"]
[SourceQuality "1"]

1. e4 e5 2. Nf3 Nc6 3. Bb5 a6 4. Ba4 Nf6 5. 0-0 Nxe4 6. d4 b5 7. Bb3 d5 8. dxe5 Be6 9. c3 Bc5 10. Nbd2 0-0 11. Bc2 Nxf2 12. Rxf2 f6 13. Nb3 Bxf2+ 14. Kxf2 fxe5 15. Kg1 Bg4 16. Bg5 Bxf3 17. Qxf3 Qxg5 18. Qxd5+ Kh8 19. Qxc6 Qe3+ 20. Kh1 Qe2 21. Bf5 Rad8 22. g4 g6 23. Qe4 Qxe4+ 24. Bxe4 Rf2 25. Rb1 Rf4 26. Bb7 Rxg4 27. Re1 e4 28. h3 Rf4 29. Kg2 a5 30. Nd4 c5 31. Ne2 Rd2 32. Kg3 Rf3+ 33. Kg4 Re3 0-1

[Event "Titled Tuesday intern op 09th May Early"]
[Site "Chess.com INT"]
[Date "2023.05.09"]
[Round "2"]
[White "Levitan, Tal"]
[Black "Akkarakaran, John Veny"]
[Result "1-0"]
[WhiteElo "2328"]
[BlackElo "2044"]
[PlyCount "125"]
[EventDate "2023.05.09"]
[EventType "swiss (blitz)"]
[EventRounds "11"]
[EventCountry "USA"]
[SourceTitle "CBM 214 Extra"]
[Source "ChessBase"]
[SourceDate "2023.07.31"]
[SourceVersion "1"]
[SourceVersionDate "2023.07.31"]
[SourceQuality "1"]

1. e4 e6 2. d4 d5 3. Nd2 Nf6 4. e5 Nfd7 5. Bd3 c5 6. c3 Nc6 7. Ne2 cxd4 8. cxd4 f6 9. exf6 Nxf6 10. Nf3 Bd6 11. 0-0 Qc7 12. Bg5 0-0 13. Bh4 Nh5 14. Qc2 h6 15. Bh7+ Kh8 16. Bg6 Rxf3 17. Bxh5 Rf5 18. Bg6 Bxh2+ 19. Kh1 Bd6 20. Bxf5 exf5 21. Rae1 Qf7 22. Bg3 Bb4 23. Nc3 Bd7 24. a3 Ba5 25. Be5 Nxe5 26. dxe5 Bxc3 27. Qxc3 d4 28. Qxd4 Bb5 29. e6 Qh5+ 30. Kg1 Bxf1 31. Rxf1 Re8 32. Re1 Qg6 33. Qd7 Kh7 34. e7 f4 35. Qxb7 a6 36. Qe4 Qxe4 37. Rxe4 g5 38. g3 fxg3 39. fxg3 Kg7 40. g4 Kf7 41. Kf2 Rxe7 42. Rxe7+ Kxe7 43. Ke3 a5 44. b3 Kf6 45. Kd4 h5 46. gxh5 g4 47. Ke3 Kg5 48. b4 axb4 49. axb4 Kxh5 50. b5 Kh4 51. Kf2 Kh3 52. Kg1 g3 53. b6 g2 54. b7 Kg4 55. b8Q Kf5 56. Kxg2 Ke4 57. Qd6 Ke3 58. Qb4 Ke2 59. Qc3 Kd1 60. Qb2 Ke1 61. Kf3 Kd1 62. Ke3 Ke1 63. Qe2# 1-0

[Event "Titled Tuesday intern op 09th May Early"]
[Site "Chess.com INT"]
[Date "2023.05.09"]
[Round "6"]
[White "Levitan, Tal"]
[Black "Kucuksari, Kaan"]
[Result "0-1"]
[WhiteElo "2328"]
[BlackElo "2504"]
[PlyCount "119"]
[EventDate "2023.05.09"]
[EventType "swiss (blitz)"]
[EventRounds "11"]
[EventCountry "USA"]
[SourceTitle "CBM 214 Extra"]
[Source "ChessBase"]
[SourceDate "2023.07.31"]
[SourceVersion "1"]
[SourceVersionDate "2023.07.31"]
[SourceQuality "1"]

1. e4 c5 2. c3 Nf6 3. e5 Nd5 4. d4 cxd4 5. cxd4 d6 6. Nf3 Nc6 7. Bc4 Nb6 8. Bb5 dxe5 9. Nxe5 Bd7 10. Nxd7 Qxd7 11. Nc3 e6 12. 0-0 a6 13. Bxc6 Qxc6 14. Qg4 h5 15. Qg5 Nd5 16. Bd2 Nxc3 17. Bxc3 Qd5 18. Qxd5 exd5 19. Rfe1+ Kd7 20. Re5 f6 21. Rxd5+ Ke6 22. Ra5 b6 23. Re1+ Kd7 24. Rd5+ Kc6 25. Rf5 Bd6 26. h3 h4 27. Rf3 Rae8 28. Rfe3 Rxe3 29. Rxe3 Kd5 30. Kf1 b5 31. a3 Ra8 32. Rf3 a5 33. Rf5+ Kc4 34. Rh5 b4 35. Be1 bxa3 36. bxa3 a4 37. Rxh4 Bxa3 38. d5+ Kb3 39. Rd4 Bb2 40. Rb4+ Kc2 41. Rc4+ Kd3 42. Rb4 a3 43. d6 a2 44. Rxb2 a1Q 45. Rd2+ Ke4 46. d7 Qa6+ 47. Kg1 Rd8 48. Rd1 Qa4 49. f3+ Kf5 50. Rd5+ Ke6 51. Rd2 Rxd7 52. Re2+ Kf7 53. Bf2 Qc4 54. Re3 Rd1+ 55. Kh2 Rd7 56. h4 Qc7+ 57. g3 Re7 58. Kg2 Rxe3 59. Bxe3 Qc2+ 60. Bf2 0-1

[Event "Titled Tuesday intern op 25th Apr Early"]
[Site "Chess.com INT"]
[Date "2023.04.25"]
[Round "1"]
[White "Levitan, Tal"]
[Black "Saveliev, Alexei"]
[Result "0-1"]
[WhiteElo "2328"]
[BlackElo "2385"]
[PlyCount "120"]
[EventDate "2023.04.25"]
[EventType "swiss (blitz)"]
[EventRounds "11"]
[EventCountry "USA"]
[SourceTitle "EXT 2024"]
[Source "ChessBase"]
[SourceDate "2023.10.10"]
[SourceVersion "1"]
[SourceVersionDate "2023.10.10"]
[SourceQuality "1"]

1. e4 g6 2. d4 Bg7 3. Nf3 d6 4. Nc3 Nc6 5. Be3 Nf6 6. h3 0-0 7. Be2 Nd7 8. d5 Nce5 9. Nxe5 Nxe5 10. f4 Nd7 11. 0-0 c6 12. Bd4 Bxd4+ 13. Qxd4 Qb6 14. Qxb6 Nxb6 15. Rad1 Bd7 16. Rfe1 Rac8 17. dxc6 Bxc6 18. Kf2 Kg7 19. Ke3 Rc7 20. Bf3 Nc4+ 21. Kf2 Nxb2 22. Rb1 Nc4 23. Rb3 Nd2 24. Ra3 Nxf3 25. Kxf3 a6 26. Ke3 Rfc8 27. Rb1 e6 28. g4 d5 29. exd5 Bxd5 30. Nxd5 exd5 31. Rd3 b5 32. Rxd5 Rxc2 33. a4 R8c3+ 34. Ke4 Rc4+ 35. Ke5 Re2+ 36. Kd6 Rxa4 37. f5 Kf6 38. fxg6 hxg6 39. Rf1+ Kg7 40. Kc6 Rc4+ 41. Kb6 Re6+ 42. Kb7 Rcc6 43. g5 Rcd6 44. Rc5 Rd7+ 45. Kc8 Ra7 46. Rc7 Re8+ 47. Kd7 Rxc7+ 48. Kxc7 Re3 49. Kb6 Rxh3 50. Kxa6 b4 51. Rg1 b3 52. Kb5 b2 53. Kb4 Kf8 54. Rb1 Rh2 55. Ka3 Rg2 56. Rxb2 Rxb2 57. Kxb2 Ke7 58. Kc3 Ke6 59. Kd3 Kf5 60. Ke3 Kxg5 0-1

[Event "Titled Tuesday intern op 25th Apr Early"]
[Site "Chess.com INT"]
[Date "2023.04.25"]
[Round "9"]
[White "Levitan, Tal"]
[Black "Tarnowska, Aleksandra"]
[Result "0-1"]
[WhiteElo "2328"]
[BlackElo "1835"]
[PlyCount "104"]
[EventDate "2023.04.25"]
[EventType "swiss (blitz)"]
[EventRounds "11"]
[EventCountry "USA"]
[SourceTitle "EXT 2024"]
[Source "ChessBase"]
[SourceDate "2023.10.10"]
[SourceVersion "1"]
[SourceVersionDate "2023.10.10"]
[SourceQuality "1"]

1. d4 d5 2. Nc3 Nf6 3. Bf4 c6 4. e3 Bf5 5. Nf3 e6 6. Bd3 Bg6 7. Ne5 Nbd7 8. g4 Nxe5 9. dxe5 Nd7 10. h4 Qc7 11. Be2 h6 12. h5 Bh7 13. Qd2 Nxe5 14. 0-0-0 Bd6 15. Bg3 Qa5 16. f4 Nd7 17. e4 Nb6 18. f5 Bxg3 19. fxe6 fxe6 20. Kb1 Be5 21. exd5 exd5 22. Rhe1 0-0 23. Bd3 Bxd3 24. Qxd3 Bxc3 25. bxc3 Nc4 26. Ka1 Qa3 27. Rb1 Rae8 28. Rg1 Re3 29. Qd4 Qxc3+ 30. Qxc3 Rxc3 31. Rxb7 Rxc2 32. g5 hxg5 33. Rxa7 Rff2 34. Re1 Rce2 35. Rb1 Rb2 36. Re1 Rbe2 37. Rb1 Kh7 38. h6 Kxh6 39. Rh1+ Kg6 40. Rb1 Ne5 41. Rh1 g4 42. Ra3 Rg2 43. Rf1 Ref2 44. Re1 Re2 45. Rf1 Rgf2 46. Rg1 Kf6 47. Ra8 Ke7 48. Rb1 Kd6 49. Rd8+ Nd7 50. Ra8 g3 51. Rg1 g2 52. a4 Rf1+ 0-1

[Event "Titled Tuesday intern op 25th Apr Early"]
[Site "Chess.com INT"]
[Date "2023.04.25"]
[Round "7"]
[White "Levitan, Tal"]
[Black "Tokman, Ariel"]
[Result "0-1"]
[WhiteElo "2328"]
[BlackElo "2330"]
[PlyCount "112"]
[EventDate "2023.04.25"]
[EventType "swiss (blitz)"]
[EventRounds "11"]
[EventCountry "USA"]
[SourceTitle "EXT 2024"]
[Source "ChessBase"]
[SourceDate "2023.10.10"]
[SourceVersion "1"]
[SourceVersionDate "2023.10.10"]
[SourceQuality "1"]

1. e4 e6 2. d4 d5 3. exd5 exd5 4. Nf3 Nf6 5. Bd3 c6 6. 0-0 Be7 7. Re1 0-0 8. h3 Re8 9. Bg5 Nbd7 10. c3 Nf8 11. Nbd2 Ne6 12. Bh4 Nf4 13. Bf1 Bf5 14. Ne5 Ng6 15. g4 Be6 16. Bg3 Nd7 17. f4 Ngxe5 18. dxe5 f5 19. g5 Qb6+ 20. Bf2 Qxb2 21. Qb3 Qxb3 22. axb3 Bc5 23. b4 Bxf2+ 24. Kxf2 h6 25. h4 hxg5 26. hxg5 Kf7 27. Bd3 Rh8 28. Rh1 Rxh1 29. Rxh1 a5 30. Ra1 a4 31. b5 Nc5 32. Be2 Ne4+ 33. Nxe4 dxe4 34. Ra3 Bb3 35. Ke3 c5 36. b6 c4 37. Kd4 Ke7 38. Kc5 Kd7 39. Kb4 Kc6 40. Bh5 Kxb6 41. Bg6 e3 42. Ra1 e2 43. Re1 a3 44. e6 a2 45. e7 Bd1 46. e8Q Rxe8 47. Bxe8 a1Q 48. Kxc4 Qa5 49. Kd3 Qc5 50. Bh5 Qd5+ 51. Ke3 Qe4+ 52. Kd2 Qxf4+ 53. Kd3 Qg3+ 54. Kd2 Qxg5+ 55. Kd3 Qxh5 56. Rf1 exf1Q+ 0-1

[Event "EU-ch 23rd"]
[Site "Vrnjacka Banja"]
[Date "2023.03.13"]
[Round "11"]
[White "Badelka, Olga"]
[Black "Levitan, Tal"]
[Result "0-1"]
[WhiteElo "2428"]
[BlackElo "2276"]
[PlyCount "101"]
[EventDate "2023.03.03"]
[EventType "swiss"]
[EventRounds "11"]
[EventCountry "SRB"]
[SourceTitle "CBM 213"]
[Source "ChessBase"]
[SourceDate "2023.04.30"]
[SourceVersion "1"]
[SourceVersionDate "2023.04.30"]
[SourceQuality "1"]

1. d4 d5 2. c4 e6 3. Nc3 Be7 4. cxd5 exd5 5. Bf4 Nf6 6. e3 0-0 7. Bd3 c5 8. dxc5 Nc6 9. Nge2 Bxc5 10. 0-0 d4 11. Na4 Bd6 12. Rc1 Bxf4 13. exf4 Qd6 14. Qd2 b6 15. Ng3 Qb4 16. Qc2 Bd7 17. Ne4 Nxe4 18. Bxe4 Rac8 19. b3 Ne7 20. Qe2 Bxa4 21. bxa4 Qd6 22. g3 Rc5 23. Qd3 g6 24. Rfd1 Rd8 25. Rc4 Rxc4 26. Qxc4 Qc5 27. Qa6 Nd5 28. Bf3 Nc3 29. Rd3 Rd7 30. Rd2 Kg7 31. h4 h5 32. Kg2 Qb4 33. Qc8 Rd6 34. f5 Qc5 35. Qb8 gxf5 36. Rd3 f4 37. Bxh5 Rf6 38. g4 f3+ 39. Kh2 Qc4 40. g5 Rf5 41. Rxf3 Qd5 42. Rxf5 Qxf5 43. Kg2 Nd5 44. Bd1 Nf4+ 45. Kf3 Nd3+ 46. Ke2 Nxf2 47. Bb3 d3+ 48. Kd2 Qa5+ 49. Ke3 Qe1+ 50. Kf4 d2 51. h5 0-1

[Event "EU-ch 23rd"]
[Site "Vrnjacka Banja"]
[Date "2023.03.11"]
[Round "9"]
[White "Baenziger, Fabian"]
[Black "Levitan, Tal"]
[Result "1/2-1/2"]
[WhiteElo "2413"]
[BlackElo "2276"]
[PlyCount "43"]
[EventDate "2023.03.03"]
[EventType "swiss"]
[EventRounds "11"]
[EventCountry "SRB"]
[SourceTitle "CBM 213"]
[Source "ChessBase"]
[SourceDate "2023.04.30"]
[SourceVersion "1"]
[SourceVersionDate "2023.04.30"]
[SourceQuality "1"]

1. d4 d5 2. c4 e6 3. Nf3 Nf6 4. g3 dxc4 5. Bg2 a6 6. 0-0 Nc6 7. e3 Rb8 8. Qe2 b5 9. b3 cxb3 10. Nfd2 Bb7 11. Nxb3 Nd7 12. Bb2 Nb6 13. Nc5 Bxc5 14. dxc5 Na4 15. Bxg7 Rg8 16. Bb2 Qg5 17. Nc3 Nxb2 18. Qxb2 Qe5 19. Qc2 Nb4 20. Qb3 Bxg2 21. Kxg2 Nd5 22. Nxd5 1/2-1/2